Welcome to the Holygrace Academy Library

Please use search bar below to get started

DAMAN & PHILLAS (Record no. 7384)

MARC details
000 -LEADER
fixed length control field 00261nam a22001217a 4500
082 ## - DEWEY DECIMAL CLASSIFICATION NUMBER
Classification number 823
Item number RAJ/D
100 ## - MAIN ENTRY--AUTHOR NAME
Personal name RAJ, C R S
245 ## - TITLE STATEMENT
Title DAMAN & PHILLAS
260 ## - PUBLICATION, DISTRIBUTION, ETC. (IMPRINT)
Place of publication MADRAS
Name of publisher CHILDREN'S WORLD
Year of publication 1992
300 ## - PHYSICAL DESCRIPTION
Number of Pages 20
650 ## - SUBJECT ADDED ENTRY--TOPICAL TERM
Topical Term ENGLISH STORY
Geographic subdivision INDIA
942 ## - ADDED ENTRY ELEMENTS (KOHA)
Koha item type Books
Holdings
Withdrawn status Lost status Collection code Home library Current library Date acquired Source of acquisition Full call number Accession Number Koha item type
Withdrawn Damaged Item Fiction Main Library Main Library 06/03/2002 purchase 823 RAJ/D 00416 Books